| 000 | 01042nam a2200253 4500 | ||
|---|---|---|---|
| 001 | 178754 | ||
| 003 | ES-MaACL | ||
| 005 | 20250911062850.0 | ||
| 008 | 110616s2009 sp |||| | spa d | ||
| 020 | _a978-84-7522-025-3 | ||
| 080 | _a821.134.2(83)-14"19" | ||
| 100 | 1 |
_aHahn, Óscar. _961476 |
|
| 245 | 1 | 0 |
_aArchivo expiatorio _b: poesías completas (1961-2009) / _cÓscar Hahn ; prólogo de Luis García Montero. |
| 260 |
_aMadrid : _bVisor Libros, _c[2009] |
||
| 300 |
_a324 p. ; _c20 cm. |
||
| 490 | 1 |
_aColección Visor de poesía ; _v684 |
|
| 505 | 8 |
_aContiene: ; _tEsta rosa negra ; _tArte de morir ; _tMal de amor ; _tEstrellas fijas en un cielo blanco ; _tVersos robados ; _tApariciones profanas ; _tEn un abrir y cerrar de ojos ; _tPena de vida |
|
| 700 | 1 |
_aGarcía Montero, Luis, _d1958- _954978 |
|
| 830 | 0 |
_aColección Visor de poesía _v684 _9177331 |
|
| 852 |
_aES-MaACL _jA-11282 _9185614 _bR.145631 _cDEPO1 _dOlim: N-4286 |
||
| 942 |
_2udc _cMONOGRAFIA |
||
| 999 |
_c178754 _d178754 |
||